[Event "GER-chT U10"]
[Site "Magdeburg"]
[Date "2012.12.29"]
[Round "7.2"]
[White "Hesselmann, Konstantin"]
[Black "Weishaeutel, Moritz"]
[Result "0-1"]
[WhiteElo "907"]
[BlackElo "1086"]
[PlyCount "105"]
[EventDate "2012.12.27"]
[EventType "team-swiss"]
[EventRounds "7"]
[EventCountry "GER"]
[SourceTitle "EXT 2014"]
[Source "ChessBase"]
[SourceDate "2013.11.20"]
[SourceVersion "1"]
[SourceVersionDate "2013.11.20"]
[SourceQuality "1"]
[WhiteTeam "Berlin Schachpinguine II"]
[BlackTeam "Erfurt Empor"]
[WhiteTeamCountry "GER"]
[BlackTeamCountry "GER"]

1. e4 e5 2. Nf3 Nc6 3. Bc4 Bc5 4. b4 Bxb4 5. c3 Bc5 6. d4 exd4 7. cxd4 Bb4+ 8. Bd2 Bxd2+ 9. Nbxd2 d5 10. Bxd5 Nb4 11. Bc4 Nc6 12. 0-0 Nxd4 13. Nb3 Nxf3+ 14. Qxf3 Be6 15. Bxe6 fxe6 16. Qh5+ Ke7 17. Qg5+ Kf7 18. Qxd8 Rxd8 19. Rad1 Nf6 20. e5 Ng4 21. f4 Ne3 22. Rxd8 Rxd8 23. Re1 Rd1 24. Rxd1 Nxd1 25. Kf1 Nc3 26. a3 Nb1 27. a4 Nc3 28. a5 b6 29. Kf2 bxa5 30. Nxa5 c5 31. Ke3 Nd5+ 32. Kd3 Nxf4+ 33. Kc4 Nxg2 34. Kxc5 Kg6 35. Kd4 Kf5 36. Nc6 a6 37. Kd3 a5 38. Nxa5 Kxe5 39. Nc4+ Kf6 40. Ke2 e5 41. Kf2 Nf4 42. Kg3 g5 43. h3 h5 44. h4 g4 45. Ne3 Ne2+ 46. Kf2 Nd4 47. Kg3 Nf3 48. Nc4 Kf5 49. Nd6+ Ke6 50. Nc4 Kd5 51. Ne3+ Ke4 52. Nxg4 Nxh4 53. Kh3 0-1

[Event "GER-chT U10"]
[Site "Magdeburg"]
[Date "2012.12.29"]
[Round "6.2"]
[White "Schmidt, Johannes4444"]
[Black "Hesselmann, Konstantin"]
[Result "0-1"]
[WhiteElo "681"]
[BlackElo "907"]
[PlyCount "104"]
[EventDate "2012.12.27"]
[EventType "team-swiss"]
[EventRounds "7"]
[EventCountry "GER"]
[SourceTitle "EXT 2014"]
[Source "ChessBase"]
[SourceDate "2013.11.20"]
[SourceVersion "1"]
[SourceVersionDate "2013.11.20"]
[SourceQuality "1"]
[WhiteTeam "Neumarkt"]
[BlackTeam "Berlin Schachpinguine II"]
[WhiteTeamCountry "GER"]
[BlackTeamCountry "GER"]

1. e4 e5 2. Nf3 Nc6 3. Nc3 Nf6 4. Bc4 Bc5 5. 0-0 d6 6. Ng5 0-0 7. d3 h6 8. Nf3 Bg4 9. Qe1 Bxf3 10. gxf3 Qd7 11. Nd5 Nxd5 12. Bxd5 Rab8 13. Be3 Bb6 14. Bxb6 axb6 15. Bxc6 Qxc6 16. Qc3 Qd7 17. Kh1 f5 18. exf5 Qxf5 19. Qxc7 Qxf3+ 20. Kg1 Rbc8 21. Qxd6 Rxc2 22. Qxe5 Rxf2 23. Rxf2 Qxf2+ 24. Kh1 Qf3+ 25. Kg1 Qxd3 26. Qe6+ Kh7 27. Qxb6 Qg6+ 28. Qxg6+ Kxg6 29. Rc1 Kg5 30. b4 Kf6 31. a4 Ke6 32. b5 Kd7 33. a5 Rc8 34. Rxc8 Kxc8 35. a6 bxa6 36. bxa6 Kb8 37. a7+ Kxa7 38. Kg2 Kb6 39. Kg3 Kc6 40. Kf4 Kd5 41. Kf5 g5 42. Kg6 Ke5 43. Kxh6 Kf4 44. Kh5 g4 45. Kh4 Kf3 46. h3 g3 47. Kh5 g2 48. h4 g1Q 49. Kh6 Kf4 50. Kh7 Kf5 51. Kh8 Kf6 52. h5 Qg7# 0-1

[Event "GER-chT U10"]
[Site "Magdeburg"]
[Date "2012.12.27"]
[Round "2.2"]
[White "Heinrich, Lisa"]
[Black "Hesselmann, Konstantin"]
[Result "0-1"]
[WhiteElo "742"]
[BlackElo "907"]
[PlyCount "68"]
[EventDate "2012.12.27"]
[EventType "team-swiss"]
[EventRounds "7"]
[EventCountry "GER"]
[SourceTitle "EXT 2014"]
[Source "ChessBase"]
[SourceDate "2013.11.20"]
[SourceVersion "1"]
[SourceVersionDate "2013.11.20"]
[SourceQuality "1"]
[WhiteTeam "Halver Schalksmuehle"]
[BlackTeam "Berlin Schachpinguine II"]
[WhiteTeamCountry "GER"]
[BlackTeamCountry "GER"]

1. e4 e5 2. Nf3 Nc6 3. Nc3 Nf6 4. Bb5 a6 5. Ba4 b5 6. Bb3 Bc5 7. d3 d6 8. Ng5 Qe7 9. Nxf7 Rf8 10. Nd5 Qd7 11. Nxf6+ gxf6 12. 0-0 a5 13. Bh6 Rg8 14. Qf3 Rg6 15. Qh5 Qg4 16. Qxg4 Rxg4 17. Nh8 Nd4 18. Bf7+ Ke7 19. Bd5 Rb8 20. c3 Ne2+ 21. Kh1 Be6 22. Bxe6 Kxe6 23. d4 Ke7 24. Rfe1 Nf4 25. Rad1 Rxh8 26. Bxf4 Rxf4 27. Rd3 Rg8 28. Rh3 Rxf2 29. d5 Bb6 30. Rxh7+ Kd8 31. b4 axb4 32. cxb4 Bd4 33. Ra1 Bxa1 34. a4 Rf1# 0-1